000
00316nam a22001337a 4500
008
170323b xxu||||| |||| 00| 0 eng d
020
_a
9780130493798
041
_a
eng
080
_2
6TH
_a
616.9
100
_a
8
101
_a
SHM
245
_a
CULTURAL DIVERSITY IN HEALTH AND ILLNESS
_c
SPECTOR, R.E
942
_2
udc
_c
BK
999
_c
8475
_d
8475